Microbial waterborne pathogens
Αποθηκεύτηκε σε:
| Άλλοι συγγραφείς: | |
|---|---|
| Μορφή: | Βιβλίο |
| Γλώσσα: | English |
| Δημοσίευση: |
London :
IWA Pub.,
2004
|
| Θέματα: | |
| Ετικέτες: |
Προσθήκη ετικέτας
Δεν υπάρχουν, Καταχωρήστε ετικέτα πρώτοι!
|
MARC
| LEADER | 00000nam a2200000 i 4500 | ||
|---|---|---|---|
| 001 | 1/92362 | ||
| 008 | 080826s2004 eng d | ||
| 020 | |a 1-843390-55-8 | ||
| 035 | |l 10099601 | ||
| 040 | |a GR-MY-UA |b gre |e aacr | ||
| 041 | 0 | |a eng | |
| 082 | 0 | |a 616.9041 |2 (22) | |
| 245 | 1 | 0 | |a Microbial waterborne pathogens / |c edited by T.E. Cloete ... [κ.ά.] |
| 260 | |a London : |b IWA Pub., |c 2004 | ||
| 300 | |a xii, 231 σ.; |b εικ.; |c 24 εκ. | ||
| 504 | |a Περιέχει βιβλιογραφικές παραπομπές και ευρετήριο | ||
| 650 | 0 | 0 | |a Water |x Microbiology. |
| 650 | 0 | 0 | |a Communicable diseases |x Prevention. |
| 650 | 0 | 0 | |a Environmental monitoring. |
| 650 | 0 | 0 | |a Waterborne infection. |
| 700 | 1 | |a Cloete, T. E. |q (Thomas Eugene) |d 1958- |4 edt | |
| 852 | |a INST |b LESVOS |e 20080826 |h 616.9041 MIC |p 005100042960 |q 005100042960 |t BK |y 0 | ||
| 901 | |a BIBL1-2008-2 | ||
| 909 | |a Λ |b 145468 | ||
| 922 | |a 1ΕΛΗ |b 200801 |c ΕΠΕΑΕΚ2/ΤΕΘ |d ΠΑΠΑΣΩΤΗΡΙΟΥ | ||
| 970 | |a ΚΑΡΑ |b ΓΙΑΣΕΜΗ |z 2008/08/26 | ||